Statistics for Northernmost and southernmost 10M cities

Click here to take the quiz!

General Stats

  • This quiz has been taken 81 times
    (46 since last reset)
  • The average score is 18 of 20

Answer Stats

LatitudePopulationCity% Correct
51°30'N14.8 MLondon
100%
55°45'N17.4 MMoscow
100%
22°54'S13.3 MRio de Janeiro
100%
23°33'S22.7 MSão Paulo
100%
35°41′N40.7 MTokyo
100%
39°54'N20.5 MBeijing
97%
6°12'S28.6 MJakarta
97%
26°12'S14.5 MJohannesburg
97%
40°42'N23.0 MNew York
97%
34°36'S16.8 MBuenos Aires
95%
4°19'S14.5 MKinshasa
95%
48°51'N11.4 MParis
92%
41°00'N16.5 MIstanbul
89%
12°03'S11.4 MLima
87%
37°33'N24.8 MSeoul
87%
6°27'N20.7 MLagos
84%
35°41'N15.8 MTehran
76%
4°42'N10.0 MBogota
74%
39°08'N11.2 MTianjin
53%
10°48'N10.9 MHo Chi Minh City
39%

Score Distribution

Percentile by Number Answered

Percent of People with Each Score

Your Score History

You have not taken this quiz since the last reset